000 00946nam a2200265Ia 4500
003 OSt
005 20221005112120.0
006 a|||||r|||| 00| 0
007 ta
008 221004b |||||||| |||| 00| 0 pan d
020 _a8189284347
_c160
024 _a80592
037 _b549, 02/12/2011, H.K. Prakashan
_cTextual
040 _aCRL
_cCRL
_bpan
041 _2pan
_apan
082 _aO153,3:g(Y15), P6
100 _aਬਲਵਿੰਦਰ ਕੌਰ
245 0 _aਪੰਜਾਬੀ ਨਾਵਲ ਵਿਚ ਇਸਤਰੀ ਪੁਰ ਸੰਬੰਧ
260 _aਅੰਮਿ੍ਹਤਸਰ
_bਰੂਹੀ ਪ੍ਰਕਾਨ ਭਾਰਤ
_c2006
300 _a152ਪੰ
_ccm.
650 _a ਪੰਜਾਬੀ ਕਹਾਣੀ
650 _aਪੰਜਾਬੀ ਸਾਹਿਤ
942 _hO153,3:g(Y15), P6
_cTEXL
_2cc
999 _c1023865
_d1023865